000 00539cam a22001814a 4500
005 20250605164104.0
008 250528s ||||||||||||||||||||||||d
035 _a17647
020 _a9789604646227
040 _aGR-AtMCL
_bgre
_dGR-AtMCL
_eAACR2
245 1 _aΜουσείο του Λούβρου / Ελληνικοί Θυσαυροί στον Κόσμο
260 _bΜίλητος,
_c2014
300 _a120
700 1 _aΧατζηγεωργίου Νίκος Κομν
_93824
942 _cBK
999 _c3049
_d3049